Fire safety risk assessment (Record no. 105531)
[ view plain ]
| 000 -LEADER | |
|---|---|
| fixed length control field | 01140cam a22002535 4500 |
| 001 - CONTROL NUMBER | |
| control field | L134056 |
| 008 - FIXED-LENGTH DATA ELEMENTS--GENERAL INFORMATION | |
| fixed length control field | 060705s2007 xxka f f001 0 eng u |
| 020 ## - INTERNATIONAL STANDARD BOOK NUMBER | |
| International Standard Book Number | 9781851128235 |
| 035 ## - SYSTEM CONTROL NUMBER | |
| System control number | (Sirsi) u134056 |
| 041 0# - LANGUAGE CODE | |
| Language code of text/sound track or separate title | eng |
| 050 04 - LIBRARY OF CONGRESS CALL NUMBER | |
| Classification number | 692.21 $2 18 |
| 110 1# - MAIN ENTRY--CORPORATE NAME | |
| Corporate name or jurisdiction name as entry element | United Kingdom |
| Subordinate unit | Department for Communities and Local Government |
| 9 (RLIN) | 4939 |
| 245 00 - TITLE STATEMENT | |
| Title | Fire safety risk assessment |
| Remainder of title | open air events and venues |
| 260 ## - PUBLICATION, DISTRIBUTION, ETC. | |
| Place of publication, distribution, etc. | London |
| Name of publisher, distributor, etc. | DCLG |
| Date of publication, distribution, etc. | 2006 |
| 300 ## - PHYSICAL DESCRIPTION | |
| Extent | 120p. |
| Dimensions | 30cm. |
| 350 ## - PRICE (NR) (BK AM CF MU VM SE) [OBSOLETE] | |
| Price | 12 |
| 490 #0 - SERIES STATEMENT | |
| Series statement | DCLG Fire Safety Risk Assessment |
| 520 ## - SUMMARY, ETC. | |
| Summary, etc. | Advises on how to avoid fires and how to ensure people's safety if a fire does start. Considers how to assess the adequacy of fire precautions for open air events and venues and gives recommendations for the fire safety management of premises. Covers fire risks and preventative measures, fire detection and warning systems, firefighting equipment, escape routes and strategies, emergency escape lighting and signs and notices. |
| 590 ## - LOCAL NOTE (RLIN) | |
| Local note | KA |
| 651 #4 - SUBJECT ADDED ENTRY--GEOGRAPHIC NAME | |
| Geographic name | United Kingdom |
| Chronological subdivision | |
| 690 ## - LOCAL SUBJECT ADDED ENTRY--TOPICAL TERM (OCLC, RLIN) | |
| Topical term or geographic name as entry element | MANAGEMENT-HEALTH AND SAFETY-FIRE SAFETY-FIRE RISK ASSESSMENT |
| 942 ## - ADDED ENTRY ELEMENTS (KOHA) | |
| Suppress in OPAC | 0 |
| Withdrawn status | Lost status | Source of classification or shelving scheme | Damaged status | Not for loan | Home library | Current library | Shelving location | Date acquired | Cost, normal purchase price | Total Checkouts | Full call number | Barcode | Date last seen | Copy number | Cost, replacement price | Price effective from | Koha item type |
|---|---|---|---|---|---|---|---|---|---|---|---|---|---|---|---|---|---|
| Dewey Decimal Classification | London | London | Folio | 19/04/2007 | 10.20 | F692.21 DEP | 30073715 | 06/08/2019 | 1 | 10.20 | 06/08/2019 | Book |